<?xml version="1.0" encoding="UTF-8"?>
<record
    xmlns:xsi="http://www.w3.org/2001/XMLSchema-instance"
    xsi:schemaLocation="http://www.loc.gov/MARC21/slim http://www.loc.gov/standards/marcxml/schema/MARC21slim.xsd"
    xmlns="http://www.loc.gov/MARC21/slim">

  <leader>00502cam a22001691  4500</leader>
  <datafield tag="040" ind1=" " ind2=" ">
    <subfield code="c">OAkU</subfield>
  </datafield>
  <datafield tag="082" ind1=" " ind2=" ">
    <subfield code="a">624 C.E 1968 A038 Co. </subfield>
  </datafield>
  <datafield tag="100" ind1="1" ind2=" ">
    <subfield code="a">Parcher, James V.</subfield>
  </datafield>
  <datafield tag="245" ind1="1" ind2="0">
    <subfield code="a">Soil mechanics and foundations</subfield>
  </datafield>
  <datafield tag="260" ind1=" " ind2=" ">
    <subfield code="a">[Columbus, Ohio]</subfield>
    <subfield code="b">C.E. Merrill</subfield>
    <subfield code="c">[1968]</subfield>
  </datafield>
  <datafield tag="300" ind1=" " ind2=" ">
    <subfield code="a">xvi, 573 p.</subfield>
    <subfield code="b">illus.</subfield>
    <subfield code="c">24 cm.</subfield>
  </datafield>
  <datafield tag="500" ind1=" " ind2=" ">
    <subfield code="a">"Logical sequel to Physical properties of soils [by R.E. Means and J.V. Parcher]"</subfield>
  </datafield>
  <datafield tag="650" ind1=" " ind2="0">
    <subfield code="a">Soil mechanics.</subfield>
  </datafield>
  <datafield tag="650" ind1=" " ind2="0">
    <subfield code="a">Foundations.</subfield>
  </datafield>
  <datafield tag="700" ind1="1" ind2=" ">
    <subfield code="a">Means, R. E.</subfield>
  </datafield>
  <datafield tag="942" ind1=" " ind2=" ">
    <subfield code="c">EK</subfield>
  </datafield>
  <datafield tag="999" ind1=" " ind2=" ">
    <subfield code="c">11614</subfield>
    <subfield code="d">11614</subfield>
  </datafield>
  <datafield tag="952" ind1=" " ind2=" ">
    <subfield code="0">0</subfield>
    <subfield code="1">0</subfield>
    <subfield code="4">0</subfield>
    <subfield code="6">624_000000000000000_C_E_1968_A038_CO</subfield>
    <subfield code="7">0</subfield>
    <subfield code="9">59749</subfield>
    <subfield code="a">LBA</subfield>
    <subfield code="b">LBA</subfield>
    <subfield code="c">A038</subfield>
    <subfield code="d">2017-08-04</subfield>
    <subfield code="l">2</subfield>
    <subfield code="o">624 C.E 1968 A038 Co.</subfield>
    <subfield code="p">A09959</subfield>
    <subfield code="r">2019-07-23</subfield>
    <subfield code="s">2019-07-22</subfield>
    <subfield code="w">2017-08-04</subfield>
    <subfield code="y">EK</subfield>
  </datafield>
</record>
